MARC

LEADER 00000naa a2200000 a 4500
008 160829s1951 spc xx s spa c 000 0 cat d
040 |a agdb 
245 |a Aportaciones al Museo Romántico - Hogar Ochocentista, de Sitges 
490 |a San Jorge,   |v núm. 2 (abril 1951), pàg. 81 
610 2 0 |9 54526  |a Museu Romàntic (Sitges, Catalunya) 
773 |t San Jorge.  |g Núm. 2 (abril 1951), pàg. 81 
901 |a Arxiu 
942 |n 1  |2 udc  |c ART 
952 |0 0  |1 0  |4 0  |6 REV508  |7 1  |9 64571  |a Arxiu  |b Arxiu  |d 2022-12-01  |l 0  |o Rev-508  |r 2022-12-01 00:00:00  |w 2022-12-01  |y ARXIU  |z També disponible a Rev-521 
999 |c 43878  |d 43878